Normal view
MARC view
Entry Personal Name
001 - CONTROL NUMBER
- control field: 168415
003 - CONTROL NUMBER IDENTIFIER
- control field: OSt
005 - DATE AND TIME OF LATEST TRANSACTION
- control field: 20220923225135.0
008 - FIXED-LENGTH DATA ELEMENTS
- fixed length control field: 220923|| aca||aabn | a|a d
040 ## - CATALOGING SOURCE
- Original cataloging agency: OSt
- Transcribing agency: OSt
100 ## - HEADING--PERSONAL NAME
- Personal name: अॅडरसन, केनेथ; आपटे, वा0 शि0
670 ## - SOURCE DATA FOUND
- Source citation: Work cat.: (OSt)376334: अॅडरसन, केनेथ; आपटे, वा0 शि0, नरभक्षकाचं आव्हान
